[Event "Titled Tuesday intern op 23rd Apr Late"]
[Site "Chess.com INT"]
[Date "2024.04.23"]
[Round "1"]
[White "Micic, Cedomir"]
[Black "Bartholomew, John"]
[Result "0-1"]
[WhiteElo "2364"]
[BlackElo "2446"]
[PlyCount "98"]
[EventDate "2024.04.23"]
[EventType "swiss (blitz)"]
[EventRounds "11"]
[EventCountry "USA"]
[SourceTitle "CB18_2024"]
[SourceDate "2024.05.01"]
[SourceVersion "1"]
[SourceVersionDate "2024.05.01"]
[SourceQuality "2"]

1. e4 d5 2. exd5 Qxd5 3. Nc3 Qa5 4. d4 Nf6 5. Nf3 Bf5 6. Bc4 e6 7. Bd2 Bb4 8. a3 Bxc3 9. Bxc3 Qb6 10. d5 Nbd7 11. dxe6 Bxe6 12. Qe2 0-0 13. Bxe6 Rae8 14. 0-0 Rxe6 15. Qc4 Ne4 16. Nd4 Rg6 17. Nf5 Re8 18. Rae1 Qe6 19. Qxe6 Rexe6 20. Bxg7 Rxg7 21. Nxg7 Kxg7 22. f3 Nd6 23. Rxe6 fxe6 24. Kf2 Kf6 25. Rd1 a5 26. g4 e5 27. b3 a4 28. b4 Nb6 29. Kg3 Nbc4 30. h4 Nxa3 31. Ra1 Ndc4 32. c3 Ke6 33. f4 exf4+ 34. Kxf4 b5 35. g5 Nc2 36. Ra2 N2e3 37. Re2 a3 38. h5 Kf7 39. Ke4 c6 40. Kd4 Nd5 41. Rf2+ Kg7 42. Kc5 Nxc3 43. Kxc6 a2 44. Rxa2 Nxa2 45. Kxb5 Nxb4 46. Kxc4 Nc6 47. Kd5 Ne7+ 48. Ke6 Nc6 49. g6 h6 0-1

[Event "Titled Tuesday intern op 23rd Apr Late"]
[Site "Chess.com INT"]
[Date "2024.04.23"]
[Round "3"]
[White "Micic, Cedomir"]
[Black "Feuerstack, Aljoscha"]
[Result "0-1"]
[WhiteElo "2364"]
[BlackElo "2476"]
[PlyCount "54"]
[EventDate "2024.04.23"]
[EventType "swiss (blitz)"]
[EventRounds "11"]
[EventCountry "USA"]
[SourceTitle "CB18_2024"]
[SourceDate "2024.05.01"]
[SourceVersion "1"]
[SourceVersionDate "2024.05.01"]
[SourceQuality "2"]

1. e4 c6 2. d4 d5 3. Nd2 a6 4. e5 c5 5. dxc5 Nc6 6. Ngf3 Bg4 7. h3 Bxf3 8. Nxf3 e6 9. Be3 Qc7 10. c4 d4 11. Bd2 Bxc5 12. Bd3 Nxe5 13. Nxe5 Qxe5+ 14. Kf1 Ne7 15. Qf3 Qc7 16. b4 Bd6 17. Be4 Rb8 18. Re1 Bxb4 19. Bf4 Qxc4+ 20. Bd3 Qc3 21. Rc1 Qa3 22. g4 Nd5 23. Kg2 Rd8 24. Be5 0-0 25. Qe4 f5 26. gxf5 exf5 27. Qxd4 Qxd3 0-1

[Event "Titled Tuesday intern op 23rd Apr Late"]
[Site "Chess.com INT"]
[Date "2024.04.23"]
[Round "6"]
[White "Micic, Cedomir"]
[Black "Floresvillar Gonzalez, Luis Miguel"]
[Result "1-0"]
[WhiteElo "2364"]
[BlackElo "2019"]
[PlyCount "49"]
[EventDate "2024.04.23"]
[EventType "swiss (blitz)"]
[EventRounds "11"]
[EventCountry "USA"]
[SourceTitle "CB18_2024"]
[SourceDate "2024.05.01"]
[SourceVersion "1"]
[SourceVersionDate "2024.05.01"]
[SourceQuality "2"]

1. e4 c6 2. d4 d5 3. e5 c5 4. dxc5 Nc6 5. Bf4 e6 6. Nf3 Bxc5 7. Bd3 Nge7 8. a3 Ng6 9. Bg3 Qc7 10. 0-0 Bd7 11. Qe2 a6 12. Nbd2 Nd4 13. Nxd4 Bxd4 14. c4 Bxb2 15. Rab1 Bxe5 16. Bxg6 Bxg3 17. Bxf7+ Kxf7 18. fxg3+ Kg8 19. cxd5 exd5 20. Qe7 h6 21. Rf7 Rh7 22. Rbf1 Qb6+ 23. Kh1 Bc6 24. Qf8+ Rxf8 25. Rxf8# 1-0

[Event "Titled Tuesday intern op 23rd Apr Late"]
[Site "Chess.com INT"]
[Date "2024.04.23"]
[Round "11"]
[White "Micic, Cedomir"]
[Black "Wu, Derek"]
[Result "1-0"]
[WhiteElo "2364"]
[BlackElo "2295"]
[PlyCount "71"]
[EventDate "2024.04.23"]
[EventType "swiss (blitz)"]
[EventRounds "11"]
[EventCountry "USA"]
[SourceTitle "CB18_2024"]
[SourceDate "2024.05.01"]
[SourceVersion "1"]
[SourceVersionDate "2024.05.01"]
[SourceQuality "2"]

1. e4 c5 2. Nf3 Nc6 3. d4 cxd4 4. Nxd4 e6 5. Nc3 Qc7 6. Be3 a6 7. Qd2 Nf6 8. f3 Be7 9. g4 b5 10. 0-0-0 Nxd4 11. Bxd4 Bb7 12. Kb1 b4 13. Na4 d5 14. g5 Nh5 15. Nb6 Rd8 16. e5 0-0 17. Qe3 Bc6 18. Bxa6 Rb8 19. f4 g6 20. Rc1 Qa7 21. Be2 Nxf4 22. Nxd5 Nxd5 23. Bxa7 Nxe3 24. Bxb8 Bxh1 25. Ba7 Bxg5 26. Rxh1 Ra8 27. Bd4 Nf5 28. Bc5 Rb8 29. Bd3 Be3 30. Bxe3 Nxe3 31. h4 h5 32. Re1 Ng2 33. Re4 Rd8 34. Kc1 g5 35. hxg5 Kg7 36. Bf1 1-0

[Event "Titled Tuesday intern op 27th Feb Late"]
[Site "Chess.com INT"]
[Date "2024.02.27"]
[Round "4"]
[White "Korchynskyi, Mykola"]
[Black "Micic, Cedomir"]
[Result "1-0"]
[WhiteElo "2263"]
[BlackElo "2364"]
[PlyCount "77"]
[EventDate "2024.02.27"]
[EventType "swiss (blitz)"]
[EventRounds "11"]
[EventCountry "USA"]
[SourceTitle "CB10_2024"]
[SourceDate "2024.03.06"]
[SourceVersion "1"]
[SourceVersionDate "2024.03.06"]
[SourceQuality "1"]

1. d4 Nf6 2. c4 c5 3. d5 b5 4. cxb5 a6 5. e3 axb5 6. Bxb5 Qa5+ 7. Nc3 Bb7 8. Bd2 e6 9. Nf3 Qb6 10. dxe6 fxe6 11. 0-0 Be7 12. a4 0-0 13. Rc1 d5 14. Ne2 Nc6 15. Bc3 Ne4 16. Nf4 Nxc3 17. Rxc3 d4 18. exd4 Rxf4 19. dxc5 Qc7 20. Rd3 Ne5 21. Nxe5 Qxe5 22. Re1 Qxc5 23. Qe2 Bd5 24. b4 Qd6 25. f3 Raf8 26. h3 Rxb4 27. Red1 Bd8 28. g4 Bb6+ 29. Kh1 Bc7 30. Qg2 Qf4 31. Rf1 Bc4 32. Bxc4 Rxc4 33. Re1 Rc1 34. Rdd1 Rxd1 35. Rxd1 Qxf3 36. Qxf3 Rxf3 37. Rc1 Rxh3+ 38. Kg2 Rh2+ 39. Kg1 1-0

[Event "Titled Tuesday intern op 27th Feb Late"]
[Site "Chess.com INT"]
[Date "2024.02.27"]
[Round "3"]
[White "Micic, Cedomir"]
[Black "Arauz Alonso, Fernando"]
[Result "1-0"]
[WhiteElo "2364"]
[BlackElo "2197"]
[PlyCount "67"]
[EventDate "2024.02.27"]
[EventType "swiss (blitz)"]
[EventRounds "11"]
[EventCountry "USA"]
[SourceTitle "CB10_2024"]
[SourceDate "2024.03.06"]
[SourceVersion "1"]
[SourceVersionDate "2024.03.06"]
[SourceQuality "1"]

1. e4 c5 2. Nf3 g6 3. d4 cxd4 4. Qxd4 Nf6 5. Bb5 Nc6 6. Bxc6 dxc6 7. Qxd8+ Kxd8 8. Nc3 Bg4 9. Ne5 Be6 10. Be3 Ng4 11. 0-0-0+ Kc7 12. Bf4 Kb6 13. Nxg4 Bxg4 14. f3 Be6 15. Na4+ Kb5 16. b3 b6 17. Kb2 Bg7+ 18. Ka3 Rhd8 19. c4+ Ka6 20. Bc7 Rxd1 21. Rxd1 Kb7 22. Bd8 Bf6 23. f4 Bg4 24. Rd2 b5 25. Nc5+ Kc8 26. e5 b4+ 27. Kxb4 Bg7 28. Bxe7 a5+ 29. Kc3 Ra7 30. Rd8+ Kc7 31. Rg8 Bh6 32. Bd6+ Kb6 33. Rb8+ Rb7 34. Rxb7# 1-0

[Event "Titled Tuesday intern op 22nd Dec"]
[Site "Chess.com INT"]
[Date "2020.12.22"]
[Round "6"]
[White "Barron, Michael"]
[Black "Micic, Cedomir"]
[Result "1-0"]
[WhiteElo "2108"]
[BlackElo "2366"]
[PlyCount "37"]
[EventDate "2020.12.22"]
[EventType "swiss (blitz)"]
[EventRounds "11"]
[EventCountry "USA"]
[SourceTitle "CBM 199 Extra"]
[Source "ChessBase"]
[SourceDate "2021.01.31"]
[SourceVersion "1"]
[SourceVersionDate "2021.01.31"]
[SourceQuality "1"]

1. e4 c5 2. Nf3 d6 3. d4 cxd4 4. Nxd4 Nf6 5. f3 Nc6 6. c4 e6 7. Nc3 Be7 8. Be3 0-0 9. Qd2 a6 10. 0-0-0 Qc7 11. Kb1 Ne5 12. b3 Bd7 13. Rc1 Rfc8 14. Be2 Nc6 15. Nd5 exd5 16. cxd5 Bf8 17. Rhd1 Nxd4 18. Rxc7 Nxb3 19. Qc3 1-0

[Event "Titled Tuesday intern op 22nd Dec"]
[Site "Chess.com INT"]
[Date "2020.12.22"]
[Round "3"]
[White "Grunberg, Mihai Lucian"]
[Black "Micic, Cedomir"]
[Result "0-1"]
[WhiteElo "2401"]
[BlackElo "2366"]
[PlyCount "104"]
[EventDate "2020.12.22"]
[EventType "swiss (blitz)"]
[EventRounds "11"]
[EventCountry "USA"]
[SourceTitle "CBM 199 Extra"]
[Source "ChessBase"]
[SourceDate "2021.01.31"]
[SourceVersion "1"]
[SourceVersionDate "2021.01.31"]
[SourceQuality "1"]

1. Nf3 Nf6 2. c4 g6 3. Nc3 Bg7 4. d4 d5 5. cxd5 Nxd5 6. e4 Nxc3 7. bxc3 c5 8. Be2 cxd4 9. cxd4 Nc6 10. Be3 Qa5+ 11. Qd2 Qxd2+ 12. Kxd2 0-0 13. Rhd1 f5 14. e5 Be6 15. g3 Rfd8 16. Ke1 h6 17. a3 Na5 18. Rac1 Bb3 19. Rd2 Rac8 20. Rb1 Bd5 21. Rb5 Nc4 22. Rc2 Nxe3 23. Rxc8 Rxc8 24. fxe3 e6 25. Kd2 a6 26. Rb1 Bf8 27. a4 a5 28. Bd3 Bb4+ 29. Ke2 Rc3 30. Ne1 Ra3 31. Nc2 Rxa4 32. Nxb4 axb4 33. Rb2 b3 34. Kd2 Ra1 35. Bb1 b5 36. Kc3 g5 37. h4 Kf7 38. hxg5 hxg5 39. Bd3 Rc1+ 40. Kd2 Rg1 41. Bxb5 Rxg3 42. Rb1 Rg2+ 43. Kc3 Rc2+ 44. Kb4 g4 45. Ba4 Rc4+ 46. Ka3 Rc3 47. Re1 g3 48. Kb4 Rd3 49. Bb5 Rd2 50. Kc3 Rc2+ 51. Kb4 b2 52. Rb1 Ba2 0-1

[Event "Titled Tuesday intern op 15st Dec"]
[Site "Chess.com INT"]
[Date "2020.12.15"]
[Round "4"]
[White "Stromboli, Ettore"]
[Black "Micic, Cedomir"]
[Result "1-0"]
[WhiteElo "2308"]
[BlackElo "2366"]
[PlyCount "39"]
[EventDate "2020.12.15"]
[EventType "swiss (blitz)"]
[EventRounds "11"]
[EventCountry "USA"]
[SourceTitle "CBM 199 Extra"]
[Source "ChessBase"]
[SourceDate "2021.01.31"]
[SourceVersion "1"]
[SourceVersionDate "2021.01.31"]
[SourceQuality "1"]

1. e4 c5 2. Nf3 d6 3. d4 cxd4 4. Nxd4 Nf6 5. f3 e5 6. Bb5+ Nbd7 7. Nf5 a6 8. Ba4 Qc7 9. 0-0 g6 10. Ne3 Bg7 11. Nc3 0-0 12. Ncd5 Nxd5 13. Nxd5 Qb8 14. Be3 b5 15. Bb3 Bb7 16. Qd2 Nc5 17. Rfd1 Nxb3 18. axb3 Rd8 19. Kh1 Bc6 20. Ne7+ 1-0

[Event "Titled Tuesday intern op 1st Jan"]
[Site "Chess.com INT"]
[Date "2019.01.01"]
[Round "3"]
[White "Micic, Cedomir"]
[Black "Yashmetov, Mikhail"]
[Result "0-1"]
[WhiteElo "2366"]
[BlackElo "2359"]
[PlyCount "56"]
[EventDate "2019.01.01"]
[EventType "swiss (blitz)"]
[EventRounds "10"]
[EventCountry "USA"]
[SourceTitle "EXT 2021"]
[Source "ChessBase"]
[SourceDate "2020.10.23"]
[SourceVersion "1"]
[SourceVersionDate "2020.10.23"]
[SourceQuality "1"]

1. e4 g6 2. d4 Bg7 3. Nc3 a6 4. a4 d5 5. exd5 Nf6 6. Bc4 0-0 7. Bg5 Nbd7 8. Nf3 Nb6 9. Bxf6 exf6 10. Bb3 Re8+ 11. Kf1 f5 12. a5 Nd7 13. h4 Nf6 14. Qd2 Ne4 15. Nxe4 fxe4 16. Ne5 Bxe5 17. dxe5 Rxe5 18. h5 Qf6 19. hxg6 hxg6 20. Re1 Bg4 21. Qh6 Bh5 22. Kg1 Rae8 23. Re3 Rg5 24. c3 Ree5 25. Rh4 Rxg2+ 26. Kxg2 Qxh4 27. Rh3 Rg5+ 28. Kh2 Qxf2+ 0-1

[Event "Novi Sad TS03 op"]
[Site "Novi Sad"]
[Date "2005.03.22"]
[Round "5"]
[White "Micic, Cedomir"]
[Black "Franchini, Gabriele"]
[Result "1/2-1/2"]
[WhiteElo "2401"]
[BlackElo "2269"]
[PlyCount "59"]
[EventDate "2005.03.19"]
[EventType "swiss"]
[EventRounds "10"]
[EventCountry "YUG"]
[SourceTitle "CBM 105 Extra"]
[Source "ChessBase"]
[SourceDate "2005.05.01"]
[SourceVersion "1"]
[SourceVersionDate "2005.05.01"]
[SourceQuality "1"]

1. e4 e6 2. d4 d5 3. Nd2 c5 4. Ngf3 cxd4 5. Nxd4 Nf6 6. e5 Nfd7 7. f4 Qb6 8. N2f3 Nc6 9. c3 Bc5 10. b4 Nxd4 11. Nxd4 Bxd4 12. Qxd4 a5 13. b5 Qxd4 14. cxd4 Nb6 15. Ba3 Bd7 16. Rc1 Kd8 17. Bc5 Na4 18. Bd6 Rc8 19. Rxc8+ Kxc8 20. Kd2 Nb2 21. Be2 Nc4+ 22. Bxc4 dxc4 23. a4 b6 24. Rc1 Kb7 25. Rxc4 Rc8 26. Rxc8 Kxc8 27. Ke3 Kd8 28. g3 Bc8 29. Bf8 g6 30. Kd3 1/2-1/2

[Event "Novi Sad TS03 op"]
[Site "Novi Sad"]
[Date "2005.03.20"]
[Round "2"]
[White "Werner, Dimo"]
[Black "Micic, Cedomir"]
[Result "0-1"]
[WhiteElo "2312"]
[BlackElo "2401"]
[PlyCount "94"]
[EventDate "2005.03.19"]
[EventType "swiss"]
[EventRounds "10"]
[EventCountry "YUG"]
[SourceTitle "CBM 105 Extra"]
[Source "ChessBase"]
[SourceDate "2005.05.01"]
[SourceVersion "1"]
[SourceVersionDate "2005.05.01"]
[SourceQuality "1"]

1. g3 d5 2. Nf3 g6 3. Bg2 Bg7 4. c4 d4 5. d3 e5 6. 0-0 Ne7 7. b4 a5 8. bxa5 0-0 9. Nbd2 Nbc6 10. Nb3 Nxa5 11. Nxa5 Rxa5 12. Nd2 b6 13. Nb3 Ra7 14. a4 Bb7 15. Bxb7 Rxb7 16. a5 bxa5 17. Ba3 Re8 18. Nxa5 Rb6 19. Qa4 Nf5 20. Rfb1 h5 21. Rxb6 cxb6 22. Nc6 Qd7 23. Qb5 e4 24. Qd5 Qxd5 25. cxd5 exd3 26. exd3 Ra8 27. Kg2 Bf8 28. Bb2 Rxa1 29. Bxa1 Bc5 30. h3 Kf8 31. g4 Ne7 32. Kf3 Nxd5 33. gxh5 gxh5 34. Nxd4 Bxd4 35. Bxd4 Ke7 36. Ke4 Ke6 37. Bb2 f5+ 38. Kf3 Kd6 39. Kg3 Ke6 40. Kf3 b5 41. Kg3 Nb4 42. Kh4 Nxd3 43. Bd4 Kd5 44. Bg7 Nxf2 45. Kg5 Ke4 46. h4 f4 47. Kxh5 f3 0-1

[Event "SCG-chT Vojvodina"]
[Site "Sombor"]
[Date "2004.09.27"]
[Round "4.1"]
[White "Micic, Cedomir"]
[Black "Laketic, Gojko"]
[Result "1/2-1/2"]
[WhiteElo "2404"]
[BlackElo "2403"]
[PlyCount "33"]
[EventDate "2004.09.25"]
[EventType "team"]
[EventRounds "11"]
[EventCountry "YUG"]
[SourceTitle "CBM 102 Extra"]
[Source "ChessBase"]
[SourceDate "2004.11.03"]
[SourceVersion "1"]
[SourceVersionDate "2004.11.03"]
[SourceQuality "1"]
[WhiteTeam "03"]
[BlackTeam "04"]
[WhiteTeamCountry "YUG"]
[BlackTeamCountry "YUG"]

1. Nf3 d5 2. d4 Nf6 3. c4 c6 4. Nc3 e6 5. e3 Nbd7 6. Bd3 Bb4 7. 0-0 0-0 8. Qc2 h6 9. Rd1 Qe7 10. e4 dxe4 11. Nxe4 Nxe4 12. Bxe4 Bd6 13. Re1 c5 14. b4 cxb4 15. c5 Bc7 16. Bb2 Qd8 17. Rad1 1/2-1/2

[Event "Pancevo"]
[Site "Pancevo"]
[Date "2003.06.29"]
[Round "10"]
[White "Radlovacki, Jovan"]
[Black "Micic, Cedomir"]
[Result "0-1"]
[WhiteElo "2411"]
[BlackElo "2408"]
[PlyCount "40"]
[EventDate "2003.06.20"]
[EventType "tourn"]
[EventRounds "11"]
[EventCountry "YUG"]
[EventCategory "10"]
[SourceTitle "CBM 094 Extra"]
[Source "ChessBase"]
[SourceDate "2003.07.09"]
[SourceVersion "2"]
[SourceVersionDate "2003.07.09"]
[SourceQuality "1"]

1. e4 c5 2. Nf3 Nc6 3. d3 g6 4. g3 Bg7 5. Bg2 e5 6. 0-0 Nge7 7. Re1 0-0 8. Be3 d6 9. Nbd2 b6 10. c3 Ba6 11. Qc2 Qd7 12. h3 Rac8 13. Rad1 h6 14. Nf1 d5 15. Bc1 d4 16. g4 dxc3 17. bxc3 Rfd8 18. Re3 Nd4 19. Qb1 Qa4 20. Ree1 Ne2+ 0-1

[Event "Pancevo"]
[Site "Pancevo"]
[Date "2003.06.27"]
[Round "8"]
[White "Lazic, Miroljub"]
[Black "Micic, Cedomir"]
[Result "1/2-1/2"]
[WhiteElo "2508"]
[BlackElo "2408"]
[PlyCount "92"]
[EventDate "2003.06.20"]
[EventType "tourn"]
[EventRounds "11"]
[EventCountry "YUG"]
[EventCategory "10"]
[SourceTitle "CBM 094 Extra"]
[Source "ChessBase"]
[SourceDate "2003.07.09"]
[SourceVersion "2"]
[SourceVersionDate "2003.07.09"]
[SourceQuality "1"]

1. d4 Nf6 2. Nf3 g6 3. Nc3 d5 4. Bf4 Bg7 5. Qd2 c6 6. Bh6 0-0 7. Bxg7 Kxg7 8. e3 Nbd7 9. Bd3 c5 10. dxc5 Nxc5 11. 0-0 Nxd3 12. cxd3 Bg4 13. Nd4 e5 14. Nb3 Rc8 15. Rac1 b6 16. f4 Qe7 17. fxe5 Qxe5 18. h3 Be6 19. Nd4 Nd7 20. Rf4 a6 21. Rcf1 Qd6 22. Nce2 f6 23. Ng3 Kh8 24. Nge2 Bg8 25. Nc3 b5 26. a3 Rfe8 27. b4 Qe5 28. R4f3 Rc7 29. Nce2 Rec8 30. Rc1 Rxc1+ 31. Nxc1 Nb6 32. Ncb3 Na4 33. Rf1 f5 34. Rc1 Re8 35. Kf2 g5 36. Nf3 Qf6 37. g3 g4 38. Nfd4 gxh3 39. Kg1 Qg5 40. Kh2 Qxe3 41. Qxe3 Rxe3 42. Nxf5 Rxd3 43. Nbd4 Rc3 44. Re1 Rc8 45. Re7 Nb6 46. Kxh3 Ra8 1/2-1/2

[Event "Pancevo"]
[Site "Pancevo"]
[Date "2003.06.22"]
[Round "3"]
[White "Matulovic, Milan"]
[Black "Micic, Cedomir"]
[Result "1/2-1/2"]
[WhiteElo "2432"]
[BlackElo "2408"]
[PlyCount "45"]
[EventDate "2003.06.20"]
[EventType "tourn"]
[EventRounds "11"]
[EventCountry "YUG"]
[EventCategory "10"]
[SourceTitle "CBM 094 Extra"]
[Source "ChessBase"]
[SourceDate "2003.07.09"]
[SourceVersion "2"]
[SourceVersionDate "2003.07.09"]
[SourceQuality "1"]

1. e4 c6 2. d4 d5 3. Nd2 dxe4 4. Nxe4 Bf5 5. Ng3 Bg6 6. h4 h6 7. Nf3 Nd7 8. h5 Bh7 9. Bd3 Ngf6 10. Bxh7 Nxh7 11. Qe2 e6 12. Bd2 Be7 13. 0-0-0 0-0 14. Kb1 Nhf6 15. Ne5 c5 16. dxc5 Qc7 17. Ng6 Rfe8 18. Nxe7+ Rxe7 19. Nf5 Ree8 20. Nd6 Red8 21. Bc3 Nxc5 22. Bxf6 gxf6 23. Ne4 1/2-1/2

[Event "Serbia/Montenegro-chT"]
[Site "Budva"]
[Date "2003.05.18"]
[Round "?"]
[White "Micic, Cedomir"]
[Black "Pavlovic, Goran"]
[Result "1-0"]
[WhiteElo "2408"]
[BlackElo "2342"]
[PlyCount "65"]
[EventDate "2003.05.18"]
[EventType "team"]
[EventRounds "6"]
[EventCountry "YUG"]
[SourceTitle "CBM 094 Extra"]
[Source "ChessBase"]
[SourceDate "2003.07.09"]
[SourceVersion "2"]
[SourceVersionDate "2003.07.09"]
[SourceQuality "1"]

1. d4 Nf6 2. c4 g6 3. Nc3 d5 4. cxd5 Nxd5 5. e4 Nxc3 6. bxc3 Bg7 7. Bb5+ c6 8. Ba4 0-0 9. Ne2 b5 10. Bb3 Bb7 11. 0-0 c5 12. d5 Nd7 13. Rb1 Nb6 14. Bg5 Qd7 15. Qd2 Ba6 16. Rfe1 Rfe8 17. Rbd1 Rac8 18. Bh6 Bh8 19. h4 b4 20. cxb4 c4 21. Bc2 c3 22. Qf4 Nc4 23. h5 Nd2 24. hxg6 hxg6 25. e5 e6 26. Nxc3 Rxc3 27. Qxd2 Rxc2 28. Qxc2 exd5 29. Qc5 Bb7 30. Qd6 Qf5 31. e6 fxe6 32. Rc1 Bf6 33. Rc7 1-0

[Event "Serbia/Montenegro-chT"]
[Site "Budva"]
[Date "2003.05.18"]
[Round "?"]
[White "Raicevic, Momcilo"]
[Black "Micic, Cedomir"]
[Result "0-1"]
[WhiteElo "2355"]
[BlackElo "2408"]
[PlyCount "64"]
[EventDate "2003.05.18"]
[EventType "team"]
[EventRounds "6"]
[EventCountry "YUG"]
[SourceTitle "CBM 094 Extra"]
[Source "ChessBase"]
[SourceDate "2003.07.09"]
[SourceVersion "2"]
[SourceVersionDate "2003.07.09"]
[SourceQuality "1"]

1. c4 e6 2. g3 d5 3. Nf3 c5 4. Bg2 Nc6 5. 0-0 Nf6 6. cxd5 exd5 7. d4 Be7 8. b3 0-0 9. Bb2 Bg4 10. dxc5 Bxc5 11. Nc3 Re8 12. Rc1 Bf8 13. Na4 Rc8 14. h3 Bh5 15. Bxf6 Qxf6 16. Qxd5 Bg6 17. Qb5 Ba3 18. Rc4 Rcd8 19. Nc3 a6 20. Qg5 Qe6 21. Nh4 Be7 22. Qc1 Bh5 23. Nf3 Bxf3 24. exf3 Nd4 25. Re1 Qf5 26. Qe3 Qd7 27. Ne4 f5 28. Nc3 Ba3 29. Rxd4 Qxd4 30. Qxe8+ Rxe8 31. Rxe8+ Kf7 32. Re3 Bc1 0-1

[Event "Subotica TS03 IM"]
[Site "Subotica"]
[Date "2003.03.28"]
[Round "6"]
[White "Micic, Cedomir"]
[Black "Popovic, Dusan"]
[Result "1/2-1/2"]
[WhiteElo "2408"]
[BlackElo "2435"]
[PlyCount "22"]
[EventDate "2003.03.23"]
[EventType "tourn"]
[EventRounds "9"]
[EventCountry "YUG"]
[EventCategory "3"]
[SourceTitle "CBM 093 Extra"]
[Source "ChessBase"]
[SourceDate "2003.05.09"]
[SourceVersion "1"]
[SourceVersionDate "2003.05.09"]
[SourceQuality "1"]

1. d4 Nf6 2. c4 g6 3. Nc3 Bg7 4. e4 d6 5. Nf3 0-0 6. Be2 e5 7. 0-0 Nc6 8. d5 Ne7 9. Ne1 Nd7 10. f3 f5 11. Be3 Kh8 1/2-1/2

[Event "Subotica TS03 IM"]
[Site "Subotica"]
[Date "2003.03.26"]
[Round "4"]
[White "Micic, Cedomir"]
[Black "Bozzali, Ermanno"]
[Result "1-0"]
[WhiteElo "2408"]
[BlackElo "2135"]
[PlyCount "93"]
[EventDate "2003.03.23"]
[EventType "tourn"]
[EventRounds "9"]
[EventCountry "YUG"]
[EventCategory "3"]
[SourceTitle "CBM 093 Extra"]
[Source "ChessBase"]
[SourceDate "2003.05.09"]
[SourceVersion "1"]
[SourceVersionDate "2003.05.09"]
[SourceQuality "1"]

1. d4 Nf6 2. Nf3 e6 3. g3 c5 4. Bg2 Nc6 5. c4 cxd4 6. Nxd4 a6 7. 0-0 Qc7 8. Nc3 Ne5 9. Bf4 d6 10. Rc1 Be7 11. b3 Bd7 12. Qd2 0-0 13. Qb2 Qb6 14. Bxe5 dxe5 15. Nf3 Qc7 16. a3 Rad8 17. e3 Ne8 18. b4 f5 19. c5 Bf6 20. Qb3 Kh8 21. Rfd1 g5 22. Nd2 Bc8 23. Nc4 Rxd1+ 24. Rxd1 Be7 25. Na4 f4 26. Nab6 Nf6 27. Qc3 e4 28. Bxe4 Kg8 29. Bg2 fxg3 30. fxg3 Ng4 31. Nxc8 Rxc8 32. Bh3 h5 33. Bxg4 hxg4 34. Qe5 Qxe5 35. Nxe5 Bf6 36. Nxg4 Bb2 37. Rd3 a5 38. Kg2 axb4 39. axb4 Kf8 40. Rd7 b6 41. cxb6 Ke8 42. Rh7 Rc4 43. b7 Rxb4 44. e4 Bd4 45. e5 Ba7 46. Nf6+ Kf8 47. Kh3 1-0

[Event "Milovan Prvulj Memorial"]
[Site "Pancevo"]
[Date "2003.03.08"]
[Round "11"]
[White "Vrbljanac, Aleksandar"]
[Black "Micic, Cedomir"]
[Result "1/2-1/2"]
[WhiteElo "2196"]
[BlackElo "2408"]
[PlyCount "104"]
[EventDate "2003.02.28"]
[EventType "tourn"]
[EventRounds "11"]
[EventCountry "YUG"]
[EventCategory "4"]
[SourceTitle "CBM 093 Extra"]
[Source "ChessBase"]
[SourceDate "2003.05.09"]
[SourceVersion "1"]
[SourceVersionDate "2003.05.09"]
[SourceQuality "1"]

1. e4 c5 2. Nf3 e6 3. c3 Nf6 4. e5 Nd5 5. Bc4 b6 6. d3 Bb7 7. 0-0 d6 8. Nbd2 Nd7 9. exd6 Bxd6 10. Ne4 Be7 11. Re1 0-0 12. a4 Qc7 13. Qe2 Rad8 14. Neg5 Qd6 15. Ne4 Qc6 16. Bd2 h6 17. d4 N7f6 18. Ne5 Qc7 19. Bd3 Nxe4 20. Bxe4 Nf6 21. Bxb7 Qxb7 22. dxc5 bxc5 23. Bf4 Nd5 24. Bg3 Bd6 25. Nc4 Bxg3 26. hxg3 Nf6 27. a5 Rd5 28. Ne3 Re5 29. a6 Qb3 30. Ra3 Qb6 31. Qc2 Nd5 32. Qb3 Rb8 33. Qxb6 Rxb6 34. Rd1 Nxe3 35. fxe3 Rd5 36. Rxd5 exd5 37. Ra5 Rc6 38. b4 cxb4 39. cxb4 Rb6 40. Rxd5 Rxa6 41. Kf2 Rf6+ 42. Ke2 a6 43. Ra5 Rb6 44. Kf3 Kf8 45. g4 f6 46. g3 Ke7 47. Ra4 Kd6 48. Ra5 Ke6 49. e4 Kd6 50. Ke3 Kc7 51. Kf4 g6 52. Rc5+ Kd6 1/2-1/2

[Event "Milovan Prvulj Memorial"]
[Site "Pancevo"]
[Date "2003.02.28"]
[Round "1"]
[White "Andrijevic, Milan"]
[Black "Micic, Cedomir"]
[Result "1/2-1/2"]
[WhiteElo "2400"]
[BlackElo "2408"]
[PlyCount "86"]
[EventDate "2003.02.28"]
[EventType "tourn"]
[EventRounds "11"]
[EventCountry "YUG"]
[EventCategory "4"]
[SourceTitle "CBM 093 Extra"]
[Source "ChessBase"]
[SourceDate "2003.05.09"]
[SourceVersion "1"]
[SourceVersionDate "2003.05.09"]
[SourceQuality "1"]

1. e4 c5 2. Nf3 e6 3. d4 cxd4 4. Nxd4 Nf6 5. Nc3 Nc6 6. Ndb5 d6 7. Bf4 e5 8. Bg5 a6 9. Na3 b5 10. Nd5 Be7 11. Bxf6 Bxf6 12. c3 0-0 13. Nc2 Bg5 14. a4 bxa4 15. Rxa4 a5 16. Bc4 Kh8 17. 0-0 Rb8 18. Ra2 f5 19. exf5 Bxf5 20. Nce3 Bd7 21. Bd3 g6 22. Be4 Bh6 23. g3 Bf5 24. Qd3 Qd7 25. Bxf5 gxf5 26. f4 Rbe8 27. Ng2 Qa7+ 28. Kh1 Qb7 29. Qd2 exf4 30. Ndxf4 Bg7 31. Raa1 Ne5 32. Qd5 Qxb2 33. Ne6 Rf6 34. Nxg7 Kxg7 35. Rxa5 Ng4 36. Ra7+ Kh6 37. h3 Qe2 38. Qf3 Qxf3 39. Rxf3 Ne5 40. Rf4 Ng6 41. Rc4 Re7 42. Rxe7 Nxe7 43. Nf4 Ng6 1/2-1/2